[Event "EIRCC 2019"]
[Site "Tallinn"]
[Date "2019.12.06"]
[Round "10.9"]
[White "Usmanov, Vasily"]
[Black "Potapov, Pavel"]
[Result "1-0"]
[WhiteElo "2436"]
[BlackElo "2482"]
[Annotator "ChessBase"]
[PlyCount "91"]
[EventDate "2019.12.05"]
[EventType "swiss"]
[EventCountry "EST"]
[SourceTitle "playchess.com"]
[Source "ChessBase"]
[SourceQuality "1"]
[TimeControl "900+10"]

1. d4 {[%emt 0:00:00]} e6 {[%emt 0:00:00]} 2. c4 {[%emt 0:00:02]} Nf6 {[%emt 0:00:00]} 3. a3 {[%emt 0:00:04]} b6 {[%emt 0:00:09]} 4. Nc3 {[%emt 0:00:08]} Bb7 {[%emt 0:00:03]} 5. d5 {[%emt 0:00:56]} g6 {[%emt 0:03:45]} 6. e4 {[%emt 0:00:03]} exd5 {[%emt 0:00:46]} 7. cxd5 {[%emt 0:02:08]} Bg7 {[%emt 0:00:04]} 8. Bd3 {[%emt 0:01:40]} O-O {[%emt 0:00:03]} 9. Nf3 {[%emt 0:00:02]} c6 {[%emt 0:01:50]} 10. O-O {[%emt 0:00:04]} cxd5 {[%emt 0:00:09]} 11. exd5 {[%emt 0:00:02]} d6 {[%emt 0:01:32]} 12. Bg5 {[%emt 0:02:19]} h6 {[%emt 0:00:35]} 13. Bf4 {[%emt 0:01:02]} Na6 {[%emt 0:00:57]} 14. Qd2 {[%emt 0:00:15]} Kh7 {[%emt 0:01:47]} 15. Rad1 {[%emt 0:02:33]} Nc7 {[%emt 0:00:23]} 16. Bc4 {[%emt 0:00:24]} Qd7 {[%emt 0:00:13]} 17. Qd3 {[%emt 0:00:59]} Rac8 {[%emt 0:01:34]} 18. h3 {[%emt 0:00:26]} Rfd8 {[%emt 0:02:04]} 19. Rd2 {[%emt 0:00:07]} a6 {[%emt 0:00:57]} 20. Rfd1 {[%emt 0:00:51]} b5 {[%emt 0:00:07]} 21. Ba2 {[%emt 0:00:12]} Re8 {[%emt 0:00:02]} 22. Ne1 {[%emt 0:01:22]} Re7 {[%emt 0:00:14]} 23. Nc2 {[%emt 0:00:04]} Rce8 {[%emt 0:00:06]} 24. Nb4 {[%emt 0:00:20]} Ne4 {[%emt 0:00:10]} 25. Nxe4 {[%emt 0:00:09]} Rxe4 {[%emt 0:00:02]} 26. Qg3 {[%emt 0:00:52]} Be5 {[%emt 0:00:18]} 27. Bxe5 {[%emt 0:00:07]} R4xe5 {[%emt 0:00:05]} 28. Kh2 {[%emt 0:00:14]} Rg5 {[%emt 0:01:08]} 29. Qc3 {[%emt 0:00:15]} a5 {[%emt 0:00:25]} 30. Nc6 {[%emt 0:00:12]} a4 {[%emt 0:00:11]} 31. f4 {[%emt 0:00:10]} Rf5 {[%emt 0:00:06]} 32. Rd4 {[%emt 0:00:22]} Rc8 {[%emt 0:00:17]} 33. g4 {[%emt 0:01:11]} Nxd5 {[%emt 0:00:08]} 34. Bxd5 {[%emt 0:00:08]} Rxd5 {[%emt 0:00:03]} 35. Rxd5 {[%emt 0:00:02]} Rxc6 {[%emt 0:00:02]} 36. Qf6 {[%emt 0:00:29]} Rc2+ {[%emt 0:00:23]} 37. R5d2 {[%emt 0:00:02]} Qc7 {[%emt 0:00:02]} 38. Kg3 {[%emt 0:00:19]} Rxd2 {[%emt 0:00:25]} 39. Rxd2 {[%emt 0:00:02]} Qc6 {[%emt 0:00:09]} 40. Qxf7+ {[%emt 0:00:02]} Kh8 {[%emt 0:00:01]} 41. Qf8+ {[%emt 0:00:02]} Kh7 {[%emt 0:00:01]} 42. Qe7+ {[%emt 0:00:02]} Kh8 {[%emt 0:00:03]} 43. Qf6+ {[%emt 0:00:05]} Kh7 {[%emt 0:00:03]} 44. Qe7+ {[%emt 0:00:14]} Kg8 {[%emt 0:00:01]} 45. Re2 {[%emt 0:00:23]} Qf3+ {[%emt 0:00:20]} 46. Kh4 {[%emt 0:00:02]} 1-0

[Event "EIRCC 2019"]
[Site "Tallinn"]
[Date "2019.12.06"]
[Round "10.10"]
[White "Kourousis, Epaminondas"]
[Black "Guseinov, Gadir"]
[Result "0-1"]
[WhiteElo "2387"]
[BlackElo "2666"]
[Annotator "TA"]
[PlyCount "132"]
[EventDate "2019.12.05"]
[EventType "swiss"]
[EventCountry "EST"]
[SourceTitle "playchess.com"]
[Source "ChessBase"]
[SourceQuality "1"]

{[%evp 14,132,22,20,45,33,43,33,30,25,43,2,24,24,31,18,38,12,27,29,25,18,31,10,11,12,13,2,11,10,28,24,43,22,24,24,37,25,26,29,44,27,34,27,54,32,51,37,64,27,41,0,44,49,57,15,51,44,30,0,18,9,34,7,8,12,34,0,39,0,15,0,0,0,0,-37,-51,-42,-24,-24,-24,-24,-24,-24,-24,-24,0,0,0,0,0,0,0,-30,-30,-30,-30,-68,-30,-35,-35,-35,0,-643,-629,-631,-620,-591,-594,-849,-817,-849,-841,-712,-698,-1188,-1208,-1162,-1037,-866,-852]} 1. Nf3 g6 2. d4 Bg7 3. e4 d6 4. c3 Nf6 5. Bd3 O-O 6. O-O Nc6 7. d5 Nb8 8. c4 c6 {B07: Pirc Defence: Miscellaneous Systems} (8... a5 9. Nc3 Na6 10. h3 e5 11. dxe6 Bxe6 12. Be3 Re8 13. Rc1 Nb4 14. Nd4 Nxd3 15. Qxd3 Nd7 16. b3 {1-0 (34) Jakovenko,D (2713)-Rapport,R (2693) Achaia 2013}) 9. Nc3 Bg4 10. h3 Bxf3 {White is slightly better.} 11. Qxf3 Nbd7 12. Be3 Ne5 13. Qe2 Nxd3 $146 ({Predecessor:} 13... a6 14. f4 Nxd3 15. Qxd3 cxd5 16. cxd5 {1-0 (37) Evdokimov,A (2495)-Matinian,N (2495) Sochi 2016}) 14. Qxd3 Nd7 15. f4 Rc8 16. Bd4 ({Much worse is} 16. Bxa7 b6 $17) 16... Bxd4+ 17. Qxd4 a6 18. dxc6 Rxc6 19. b3 Qb6 20. Qxb6 Nxb6 21. Rad1 Re8 22. Rfe1 e6 23. Rd3 Kf8 24. Red1 Ke7 25. Ne2 Rec8 26. Nd4 R6c7 27. Nf3 Rd7 28. Kf2 Rc5 29. Ke3 h6 30. g3 Rcc7 31. R1d2 Rc5 32. Rd1 Rh5 33. h4 Ra5 34. R1d2 h5 35. Rd4 Rc5 36. R4d3 Rd8 37. Rd1 Rc6 38. R3d2 Rdc8 39. Nd4 Rc5 40. Nf3 Rd8 41. Rd3 Nc8 42. e5 b5 43. Nd2 bxc4 44. Nxc4 {[%cal Re5d6]} d5 45. Nb2 Ke8 46. Na4 Rc6 47. Rc3 Rxc3+ 48. Nxc3 $11 {[%mdl 4096] Endgame KRN-KRN} Ne7 {[#] aiming for ...d4+!} 49. Ne2 Kd7 50. Nd4 Rc8 51. Kd3 Nf5 52. Nxf5 gxf5 {KR-KR} 53. Kd2 Rg8 54. Rg1 Kc6 55. Kc3 a5 56. a3 Kc5 57. Kd3 d4 58. Rg2 $2 {[%mdl 8192]} (58. b4+ $11 axb4 59. axb4+ Kd5 60. b5) 58... Kd5 $19 {Black is clearly winning.} 59. b4 {intending b5.} Rc8 60. Rb2 Rc3+ 61. Ke2 Rxa3 62. b5 Rxg3 {[#] ( -> ...Rg2+)} 63. Kf2 Rg8 64. b6 Ke4 65. b7 Rb8 66. Ke2 a4 {Accuracy: White = 39%, Black = 53%.} 0-1

[Event "EIRCC 2019"]
[Site "Tallinn"]
[Date "2019.12.06"]
[Round "10.11"]
[White "Demidov, Mikhail"]
[Black "Sipila, Vilka"]
[Result "0-1"]
[WhiteElo "2552"]
[BlackElo "2383"]
[Annotator "ChessBase"]
[PlyCount "82"]
[EventDate "2019.12.05"]
[EventType "swiss"]
[EventCountry "EST"]
[SourceTitle "playchess.com"]
[Source "ChessBase"]
[SourceQuality "1"]
[TimeControl "900+10"]

1. Nf3 {[%emt 0:00:00]} d5 {[%emt 0:00:00]} 2. g3 {[%emt 0:00:00]} Nf6 {[%emt 0:00:00]} 3. Bg2 {[%emt 0:00:00]} e6 {[%emt 0:00:00]} 4. O-O {[%emt 0:00:14]} Be7 {[%emt 0:00:00]} 5. c4 {[%emt 0:00:06]} O-O {[%emt 0:00:00]} 6. d3 {[%emt 0:00:17]} c5 {[%emt 0:00:06]} 7. cxd5 {[%emt 0:00:12]} exd5 {[%emt 0:00:02]} 8. d4 {[%emt 0:00:04]} Nc6 {[%emt 0:00:09]} 9. Nc3 {[%emt 0:00:05]} c4 {[%emt 0:00:21]} 10. Ne5 {[%emt 0:00:02]} Be6 {[%emt 0:00:03]} 11. b3 {[%emt 0:00:15]} Qa5 {[%emt 0:00:39]} 12. Bd2 {[%emt 0:00:27]} Bb4 {[%emt 0:00:05]} 13. Nxc6 {[%emt 0:00:04]} bxc6 {[%emt 0:00:01]} 14. Qc2 {[%emt 0:00:02]} Bf5 {[%emt 0:00:14]} 15. Qxf5 {[%emt 0:00:44]} Bxc3 {[%emt 0:00:01]} 16. Bxc3 {[%emt 0:00:01]} Qxc3 {[%emt 0:00:01]} 17. bxc4 {[%emt 0:00:02]} Qxd4 {[%emt 0:00:10]} 18. cxd5 {[%emt 0:00:01]} cxd5 {[%emt 0:00:58]} 19. Rac1 {[%emt 0:00:04]} g6 {[%emt 0:00:33]} 20. Qc2 {[%emt 0:00:05]} Rab8 {[%emt 0:00:08]} 21. e3 {[%emt 0:00:25]} Qe5 {[%emt 0:01:03]} 22. Qc5 {[%emt 0:00:21]} Rb2 {[%emt 0:00:07]} 23. Qxa7 {[%emt 0:00:21]} Rd2 {[%emt 0:02:13]} 24. Rcd1 {[%emt 0:00:39]} Qb2 {[%emt 0:01:57]} 25. Rxd2 {[%emt 0:00:23]} Qxd2 {[%emt 0:00:02]} 26. a4 {[%emt 0:00:16]} Kg7 {[%emt 0:00:35]} 27. a5 {[%emt 0:00:16]} Rc8 {[%emt 0:00:03]} 28. Bh3 {[%emt 0:02:38]} Rc6 {[%emt 0:04:20]} 29. Bg2 {[%emt 0:02:18]} Rc2 {[%emt 0:00:31]} 30. a6 {[%emt 0:01:48]} Ra2 {[%emt 0:00:31]} 31. Qb7 {[%emt 0:03:33]} Ra5 {[%emt 0:02:47]} 32. Bh3 {[%emt 0:01:52]} Ne4 {[%emt 0:00:55]} 33. Be6 {[%emt 0:00:18]} Ng5 {[%emt 0:00:02]} 34. Bc8 {[%emt 0:00:50]} Ra2 {[%emt 0:00:51]} 35. h4 {[%emt 0:01:20]} Nf3+ {[%emt 0:00:11]} 36. Kg2 {[%emt 0:00:01]} Ne1+ {[%emt 0:00:09]} 37. Kh1 {[%emt 0:00:22]} Nd3 {[%emt 0:00:08]} 38. Kg2 {[%emt 0:00:42]} Nxf2 {[%emt 0:00:07]} 39. Be6 {[%emt 0:00:09]} Ne4+ {[%emt 0:00:10]} 40. Kh3 {[%emt 0:00:04]} Qg2+ {[%emt 0:00:02]} 41. Kg4 {[%emt 0:00:01]} Qxg3# {[%emt 0:00:02]} 0-1

[Event "EIRCC 2019"]
[Site "Tallinn"]
[Date "2019.12.06"]
[Round "10.12"]
[White "Andriasian, Zaven"]
[Black "Krupenski, Juri"]
[Result "1-0"]
[WhiteElo "2611"]
[BlackElo "2386"]
[Annotator "TA"]
[PlyCount "103"]
[EventDate "2019.12.05"]
[EventType "swiss"]
[EventCountry "EST"]
[SourceTitle "playchess.com"]
[Source "ChessBase"]
[SourceQuality "1"]

{[%evp 9,103,17,37,35,45,21,53,55,53,45,50,40,75,20,73,61,91,76,72,82,68,75,96,66,70,46,66,51,111,36,85,0,75,72,51,54,72,107,123,123,130,139,289,288,288,286,287,276,287,286,234,86,86,105,90,90,95,114,168,168,168,168,139,10,5,2,14,12,18,18,21,0,0,0,285,93,98,98,280,255,261,252,503,261,404,0,264,217,29986,29987,29996,511,29997,29998,29998,29999]} 1. e4 c6 2. d4 d5 3. e5 Bf5 4. h4 a6 5. Nc3 Qc7 6. h5 {B12: Caro-Kann: Advance Variation} h6 7. g4 Bd7 8. Be3 {White is slightly better.} e6 9. f4 c5 10. Nf3 Nc6 $146 ({Predecessor:} 10... cxd4 11. Nxd4 Bb4 12. Qd3 {0-1 (41) Vitiugov,N (2721)-Rozum,I (2590) Sochi 2016}) 11. Qd2 (11. dxc5 $16 {With the idea Qd2.} f6 12. Qd2) 11... f6 (11... Nxd4 $11 12. Nxd4 cxd4 13. Bxd4 (13. Qxd4 Rc8 $11) 13... Bc5) 12. O-O-O cxd4 13. Nxd4 (13. Bxd4 $6 Nxd4 14. Qxd4 Bc5 $11) 13... fxe5 14. Nxc6 Bxc6 15. fxe5 O-O-O {aiming for ...d4!} 16. Bd4 Be7 17. Kb1 Bg5 18. Qe1 Ne7 (18... Bd7 $14) 19. Rh3 (19. Bc5 $1 $16) 19... Rhf8 20. a4 (20. Bc5 $16) 20... Be8 (20... Rf4 $11) 21. Nb5 $1 $36 {[%cal Rb5c7][%mdl 2048] Keeping Black busy.} axb5 22. Rc3 $1 {[%cal Rc3c7]} Nc6 23. axb5 Be7 24. bxc6 Bxc6 25. Rb3 Rf4 (25... b5 $16 {was called for.}) 26. Bb6 $18 {[%mdl 64] Skewer} Qb8 27. Bxd8 Bxd8 28. Bb5 Bxb5 29. Rxb5 Qa7 30. Rb4 (30. Qc3+ $18 {and White stays clearly on top.} Rc4 31. Qd3) 30... Ba5 $16 31. Rxf4 Bxe1 {[#]} 32. Rf8+ $1 Kc7 {And now ...Qe3 would win.} 33. Rf7+ Kc6 (33... Kb8 $16 34. Rf8+ (34. Rxe1 Qd4 $18) 34... Kc7 35. Rxe1 Qa5) 34. Rxe1 $18 {[%mdl 4096] Endgame KQ-KRR} Qa5 35. Rd1 d4 36. Rxg7 (36. Rxd4 $16 Qxe5 37. c3) 36... Qxe5 $11 37. Rg6 Kd5 38. Rg8 {Hoping for Rd8+.} Qf6 $1 39. g5 hxg5 40. Rh1 {Strongly threatening h6.} Qf3 41. Rxg5+ Kc4 $2 {[%mdl 8192] [#]} (41... Kc6 $1 $11 42. Rgg1 d3) 42. Rc1 $2 (42. Re1 $1 $18 {is the precise move to win.}) 42... Qf4 43. Rcg1 Qh2 $2 (43... b5 $16) 44. Re1 $18 Qh4 45. Rge5 b5 $2 (45... Qh2 {might work better.} 46. R1e2 (46. Rxe6 Qxh5 47. R6e2 Qd5 $18) 46... Qh1+ 47. Ka2 b6) 46. Rd1 Qh2 (46... Qf4 $142 47. Rde1 (47. Rxe6 Qg4 $18) 47... Qd2) 47. Rde1 Qh4 48. Ka2 ({Don't play} 48. Rxe6 $6 Qxh5 49. Rc6+ Kd5 $16) 48... b4 $2 (48... Qh2 $18) 49. Rd1 b3+ 50. cxb3+ Kb4 {intending ...Qd8.} 51. Rc1 {[%csl Gb3][%cal Rc1c4]} d3 52. Rcc5 {Accuracy: White = 53%, Black = 38%.} ({Weaker is} 52. Rc4+ Qxc4 53. bxc4 d2 $11) 1-0

[Event "EIRCC 2019"]
[Site "Tallinn"]
[Date "2019.12.06"]
[Round "10.13"]
[White "Potapov, Alexander"]
[Black "Postny, Evgeny"]
[Result "1/2-1/2"]
[WhiteElo "2413"]
[BlackElo "2605"]
[Annotator "TA"]
[PlyCount "96"]
[EventDate "2019.12.05"]
[EventType "swiss"]
[EventCountry "EST"]
[SourceTitle "playchess.com"]
[Source "ChessBase"]
[SourceQuality "1"]

{[%evp 10,96,26,9,13,9,20,0,9,6,15,14,27,8,30,-15,0,0,0,0,0,0,8,26,25,0,27,31,32,29,38,33,40,41,44,47,47,27,41,12,47,47,63,47,47,8,47,0,0,0,13,0,47,47,47,10,47,-18,-18,-18,-18,-18,-18,-18,-18,-18,-18,-19,-18,-18,-18,-18,-18,-18,-18,-18,-18,-18,-18,-18,0,0,0,0,0,0,0,0,0]} 1. d4 d5 2. c4 dxc4 3. Nf3 Nf6 4. e3 e6 5. Bxc4 a6 6. a4 b6 {D26: Queen's Gambit Accepted: 4 e3 e6 5 Bxc5 c5 sidelines} 7. O-O Bb7 8. Nc3 Bb4 9. Qe2 O-O 10. Rd1 Nbd7 $146 (10... Qe7 11. Bd3 c5 12. Na2 Nc6 13. Nxb4 Nxb4 14. Bb1 {0-1 (26) So,W (2780)-Duda,J (2737) chess.com INT 2018}) ({Predecessor:} 10... Qe7 11. Ne5 Rd8 12. Bd2 c5 13. Be1 Nbd7 {0-1 (26) Frenkel,R (2252)-Baron,T (2532) Maalot Tarshiha 2018}) 11. Ne5 Qe7 12. f4 Rfd8 13. Bd2 c5 14. Be1 cxd4 15. exd4 Bxc3 16. bxc3 {[%cal Bb2c3,Bc3c4][%mdl 32]} Nd5 17. Bxd5 Bxd5 18. c4 Bb7 19. a5 {And now axb6 would win.} Nxe5 20. fxe5 b5 21. cxb5 axb5 22. Qxb5 Bd5 23. Qe2 Rdc8 24. Rdc1 Rxc1 25. Rxc1 Qa3 26. Qd2 h6 27. h3 Rb8 28. Kh2 Be4 29. Rc3 Qa1 {White must now prevent ...Rb2.} 30. Rc1 Qa4 (30... Qa3 $5 {[%cal Rb8b2]} 31. Rc3 Rb3 $16) 31. Qe3 Bd5 32. Bc3 Rc8 33. Bd2 ({White should try} 33. Qd2 $14) 33... Rxc1 $11 {The position is equal.} 34. Bxc1 Qxa5 35. Bd2 Qb5 36. Qg3 {Hoping for Bxh6.} Kh7 37. Be3 Qd3 38. Bf2 Qf5 39. Bg1 Qe4 40. Bf2 Qc2 41. Qf4 Qg6 {[%csl Gd5][%cal Rg6g2]} 42. Qg4 Qb1 43. Qf4 {[#]} Qf1 $1 {[%csl Gd5][%cal Rf1g2][%mdl 512]} 44. Qg3 g5 45. Be3 Qd3 46. Qf2 Kg8 47. Qg3 Qe4 {[#]} 48. h4 $1 {[%mdl 512]} Qxh4+ {Accuracy: White = 62%, Black = 54%.} 1/2-1/2

[Event "EIRCC 2019"]
[Site "Tallinn"]
[Date "2019.12.06"]
[Round "10.14"]
[White "Putka, Verners"]
[Black "Riazantsev, Alexander"]
[Result "0-1"]
[WhiteElo "2307"]
[BlackElo "2639"]
[Annotator "TA"]
[PlyCount "60"]
[EventDate "2019.12.05"]
[EventType "swiss"]
[EventCountry "EST"]
[SourceTitle "playchess.com"]
[Source "ChessBase"]
[SourceQuality "1"]

{[%evp 12,60,1,-33,-31,-18,-20,-13,-16,-31,-35,-85,-93,-111,-115,-219,-229,-231,-252,-214,-195,-343,-360,-360,-360,-470,-453,-497,-403,-400,-403,-383,-372,-406,-381,-364,-316,-299,-308,-308,-301,-1267,-1262,-5623,-5606,-29982,-29982,-29989,-29990,-29996,-29997]} 1. d4 d5 2. Nf3 Nf6 3. g3 Bf5 4. Bg2 e6 5. O-O c6 6. c4 Nbd7 7. Nc3 dxc4 {D11: Slav Defence: 3 Nf3 sidelines and 3...Nf6 4 e3 Bg4} (7... Be7 8. Nh4 Bg4 9. h3 Bh5 10. g4 Bg6 11. cxd5 Nxd5 12. Nxg6 hxg6 13. e4 Nxc3 14. bxc3 Qc7 15. a4 Rd8 16. Be3 {1-0 (34) Nisipeanu,L (2656)-Parligras,M (2629) Khanty-Mansiysk 2019}) 8. Nh4 Bg4 9. h3 Bh5 $1 {The position is equal.} 10. g4 Nd5 11. Nf3 Bg6 12. Ne1 N7f6 $146 ({Predecessor:} 12... h5 13. g5 Be7 {0-1 (34) Terbe,J (2306)-Nakhbayeva,G (2295) Astana 2019}) 13. Bg5 (13. Nf3 $17) 13... h5 $19 14. e4 Nxc3 15. bxc3 hxg4 16. e5 (16. Bxf6 $142 Qxf6 17. Qxg4) 16... gxh3 17. Bf3 Qa5 18. Rb1 O-O-O 19. Rb4 Nd5 ({Less strong is} 19... Bxb4 20. cxb4 Qxa2 21. exf6 $19) 20. Bxd8 Qxd8 21. Rxc4 Nb6 22. Ra4 Nxa4 23. Qxa4 Kb8 24. Qb3 Qg5+ 25. Kh1 Qf4 26. Bxc6 $2 (26. Rg1) 26... Be4+ 27. Bxe4 Qxe4+ 28. Kh2 {[#]} Qe2 $1 {[%cal Re2f1] Black mates.} 29. Qa4 Be7 30. Kg1 h2+ {Accuracy: White = 27%, Black = 98%.} 0-1

[Event "EIRCC 2019"]
[Site "Tallinn"]
[Date "2019.12.06"]
[Round "10.15"]
[White "Aleksandrov, Aleksej"]
[Black "Duzhakov, Ilya"]
[Result "1-0"]
[WhiteElo "2592"]
[BlackElo "2399"]
[Annotator "ChessBase"]
[PlyCount "63"]
[EventDate "2019.12.05"]
[EventType "swiss"]
[EventCountry "EST"]
[SourceTitle "playchess.com"]
[Source "ChessBase"]
[SourceQuality "1"]
[TimeControl "900+10"]

1. c4 {[%emt 0:00:00]} e5 {[%emt 0:00:06]} 2. Nc3 {[%emt 0:00:00]} Nf6 {[%emt 0:00:04]} 3. Nf3 {[%emt 0:00:00]} Nc6 {[%emt 0:00:04]} 4. e4 {[%emt 0:00:00]} Bb4 {[%emt 0:01:08]} 5. d3 {[%emt 0:00:00]} Bxc3+ {[%emt 0:01:10]} 6. bxc3 {[%emt 0:00:00]} h6 {[%emt 0:00:03]} 7. g3 {[%emt 0:00:22]} O-O {[%emt 0:00:11]} 8. Bg2 {[%emt 0:00:02]} d6 {[%emt 0:00:09]} 9. O-O {[%emt 0:00:06]} Ne7 {[%emt 0:00:47]} 10. Nh4 {[%emt 0:00:17]} g5 {[%emt 0:02:41]} 11. Nf5 {[%emt 0:00:29]} Nxf5 {[%emt 0:01:02]} 12. exf5 {[%emt 0:00:02]} Bxf5 {[%emt 0:00:02]} 13. h4 {[%emt 0:00:04]} Nh7 {[%emt 0:00:41]} 14. Bxb7 {[%emt 0:00:06]} Rb8 {[%emt 0:00:06]} 15. Bg2 {[%emt 0:00:02]} Qf6 {[%emt 0:01:18]} 16. hxg5 {[%emt 0:01:58]} hxg5 {[%emt 0:00:06]} 17. Be3 {[%emt 0:00:41]} Qg6 {[%emt 0:00:32]} 18. d4 {[%emt 0:00:26]} Bd3 {[%emt 0:00:29]} 19. Re1 {[%emt 0:00:03]} Bxc4 {[%emt 0:00:02]} 20. dxe5 {[%emt 0:01:13]} dxe5 {[%emt 0:00:10]} 21. Qa4 {[%emt 0:00:06]} Qe6 {[%emt 0:01:54]} 22. Qxa7 {[%emt 0:00:04]} c6 {[%emt 0:00:29]} 23. a4 {[%emt 0:00:15]} Bd5 {[%emt 0:00:10]} 24. a5 {[%emt 0:00:12]} f5 {[%emt 0:02:42]} 25. Bd4 {[%emt 0:00:14]} Ra8 {[%emt 0:00:39]} 26. Qc7 {[%emt 0:00:04]} Bxg2 {[%emt 0:00:03]} 27. Rxe5 {[%emt 0:00:08]} Qg6 {[%emt 0:00:47]} 28. Re7 {[%emt 0:00:30]} Nf6 {[%emt 0:00:14]} 29. Kxg2 {[%emt 0:00:01]} f4 {[%emt 0:00:01]} 30. Qxc6 {[%emt 0:01:05]} fxg3 {[%emt 0:00:02]} 31. Qe6+ {[%emt 0:00:04]} Rf7 {[%emt 0:00:05]} 32. Rxf7 {[%emt 0:00:25]} 1-0

[Event "EIRCC 2019"]
[Site "Tallinn"]
[Date "2019.12.06"]
[Round "10.16"]
[White "Babula, Vlastimil"]
[Black "Seeman, Tarvo"]
[Result "0-1"]
[WhiteElo "2574"]
[BlackElo "2410"]
[Annotator "TA"]
[PlyCount "122"]
[EventDate "2019.12.05"]
[EventType "swiss"]
[EventCountry "EST"]
[SourceTitle "playchess.com"]
[Source "ChessBase"]
[SourceQuality "1"]

{[%evp 19,122,43,109,87,87,85,102,87,99,52,54,58,78,38,64,55,105,70,106,103,106,98,96,103,111,106,116,118,122,123,133,101,90,96,135,131,124,115,143,70,90,31,64,52,52,52,71,43,91,72,52,35,50,-46,-43,-193,-82,-81,-17,-83,-77,-262,-114,-88,-119,-118,-108,-92,-22,-26,-18,-56,-18,-74,-64,-74,-72,-72,-79,-64,-25,-27,0,0,0,-33,-26,-52,-52,-45,-52,-53,-55,-195,-193,-181,-36,-247,-168,-172,-127,-222,-214,-29998,-29999]} 1. d4 Nf6 2. c4 g6 3. Nc3 Bg7 4. e4 d6 5. Nf3 O-O 6. Be2 e5 7. O-O Nbd7 8. Re1 c6 9. Bf1 Re8 10. d5 c5 (10... Qc7 $14) 11. Bg5 {E95: King's Indian: Classical: 7...Nbd7 8 Re1} (11. g3 b6 12. a3 Re7 13. b4 Qf8 14. Bg5 Bh6 15. Bh4 Qg7 16. Ng5 Ne8 17. Rb1 Nf8 18. bxc5 bxc5 19. g4 {0-1 (42) So,W (2780)-Duda,J (2737) chess.com INT 2018}) 11... h6 12. Be3 $146 ({Predecessor:} 12. Bh4 g5 13. Bg3 Nf8 14. Be2 Nh5 15. Nd2 Nf4 16. Bf3 N8g6 17. Nf1 f5 18. exf5 Bxf5 {1-0 (37) Eliseev,U (2536)-Khanin,S (2359) St Petersburg 2015}) 12... Rf8 13. g3 {White is better.} b6 14. Nh4 Nh7 15. a3 Ndf6 16. b4 Ng4 17. Bd2 Bf6 18. Ng2 {f3 is the strong threat.} Bg7 19. f3 $36 {[%mdl 2048] White is on the roll.} Ngf6 20. Qc1 Ng5 21. Bxg5 hxg5 22. Qxg5 Kh7 23. Qd2 Bh6 24. Qf2 Nh5 25. bxc5 bxc5 26. Rab1 f5 27. exf5 gxf5 28. Bd3 Kh8 29. Nh4 (29. Bc2 $16) 29... Qf6 $14 30. Nd1 (30. Nb5 $16 Bd7 31. Qe2) 30... Qg7 31. Kh1 Bg5 $1 32. Rg1 $1 Qh6 33. Bc2 Nf4 34. gxf4 Bxh4 35. Qg2 {aiming for fxe5.} exf4 36. Ba4 (36. Nc3 $14 Ba6 37. Qh3) 36... Ba6 $1 $15 37. Bc6 (37. Qe2 $15) 37... Rad8 (37... Rg8 $19 {and Black stays clearly on top.} 38. Qe2 Rxg1+ 39. Kxg1 Rg8+ 40. Kh1 Bf6) 38. Qh3 Rf6 (38... Bxc4 $17 {Threatens to win with ...Rg8.} 39. Rc1 Ba6) 39. Nc3 (39. Bb5 $11 {keeps the balance.} Bg3 40. Qg2) 39... Bxc4 $17 40. Nb5 $2 {[#]} (40. Bb5 $17 {was necessary.} Bxb5 41. Rxb5) 40... Bg3 (40... Bf2 $1 $19 41. Qxh6+ Rxh6) 41. Qxh6+ Rxh6 {[%csl Gg3][%cal Rh6h2]} 42. Rg2 Bd3 43. Rd1 {[#]} Bxb5 ({Black should try} 43... c4 $1 $17 44. Nd4 Rg8) 44. Bxb5 $11 Rg8 45. Re2 Bh4 46. Re6 (46. Bd3 $11) 46... Rhg6 47. Bd7 Bf2 {( -> ...Rg1+)} 48. Rxg6 Rxg6 49. Bxf5 $17 {[%mdl 4096] Endgame KRB-KRB} Rg7 50. Rb1 Rc7 51. Kg2 Be3 52. Kf1 Kg7 53. Ke2 Kf6 54. Be4 c4 {[%cal Bc5c4,Bc4c3,Bc3c2][%mdl 32]} 55. h4 Rg7 56. h5 ({White has to play} 56. Rb4 $1 $15) 56... Rg2+ $19 57. Kd1 Rh2 (57... Rd2+ $19 58. Ke1 c3) 58. Bg6 $2 (58. Rb4 $15) 58... Ke5 59. Rb7 c3 {And now ...Rd2+ would win.} 60. Rb4 (60. Rc7 $17) 60... Kxd5 61. Re4 $2 (61. Rb3 $19) 61... c2+ 0-1